<?xml version="1.0" encoding="UTF-8"?><?xml-stylesheet type="text/xsl" href="static/style.xsl"?><OAI-PMH xmlns="http://www.openarchives.org/OAI/2.0/" xmlns:xsi="http://www.w3.org/2001/XMLSchema-instance" xsi:schemaLocation="http://www.openarchives.org/OAI/2.0/ http://www.openarchives.org/OAI/2.0/OAI-PMH.xsd"><responseDate>2026-04-17T20:13:49Z</responseDate><request verb="GetRecord" identifier="oai:www.recercat.cat:2072/469850" metadataPrefix="marc">https://recercat.cat/oai/request</request><GetRecord><record><header><identifier>oai:recercat.cat:2072/469850</identifier><datestamp>2024-11-04T06:15:40Z</datestamp><setSpec>com_2072_98</setSpec><setSpec>col_2072_378192</setSpec></header><metadata><record xmlns="http://www.loc.gov/MARC21/slim" xmlns:dcterms="http://purl.org/dc/terms/" xmlns:xsi="http://www.w3.org/2001/XMLSchema-instance" xmlns:doc="http://www.lyncode.com/xoai" xsi:schemaLocation="http://www.loc.gov/MARC21/slim http://www.loc.gov/standards/marcxml/schema/MARC21slim.xsd">
   <leader>00925njm 22002777a 4500</leader>
   <datafield ind2=" " ind1=" " tag="042">
      <subfield code="a">dc</subfield>
   </datafield>
   <datafield ind2=" " ind1=" " tag="720">
      <subfield code="a">Bombal, Enrique</subfield>
      <subfield code="e">author</subfield>
   </datafield>
   <datafield ind2=" " ind1=" " tag="720">
      <subfield code="a">Manteca Vilanova, Xavier</subfield>
      <subfield code="e">author</subfield>
   </datafield>
   <datafield ind2=" " ind1=" " tag="720">
      <subfield code="a">Talló Parra, Oriol</subfield>
      <subfield code="e">author</subfield>
   </datafield>
   <datafield ind2=" " ind1=" " tag="260">
      <subfield code="c">2023</subfield>
   </datafield>
   <datafield ind2=" " ind1=" " tag="520">
      <subfield code="a">Animal welfare is an important aspect of conservation programs for endangered species. Wild species can be bred and kept in captivity but, unlike domestic animals, there is a lack of welfare-assessment protocols for most of these species. In this study, we developed a protocol for the assessment of the welfare of Patagonian huemul (Hippocamelus bisulcus) in conservation, centers. We gathered the existing research on the behavior, ecology, conservation and captive management for this species. We used a welfare-assessment protocol for cattle as our starting point and suggested 23 indicators to assess welfare in Patagonian huemuls. This proposed protocol, which is the first protocol for assessing Patagonian huemul welfare, is rigorous and systematic, but also simple and practical. Further research is needed to validate the protocol in conservation centers; nevertheless, this protocol could be used as a basis for the development of new welfare-assessment protocols for other deer species. Animal-welfare-assessment protocols are important for identifying welfare problems in conservation programs. This study aimed to develop a baseline welfare protocol for the assessment of the welfare of Patagonian huemuls (Hippocamelus bisulcus) in conservation centers. This protocol is based on the Welfare Quality ® (WQ) framework for cattle and was developed with the consideration of the available research on the behaviors, ecology, conservation, and captive management of this species, as well as welfare-assessment protocols for other ungulate species. As a result, the protocol was specifically developed for Patagonian huemuls and included four principles, 12 criteria, and 23 animal- and resource-based indicators. The twelve criteria of the WQ protocol were reduced to nine, and three new criteria were added because they were both feasible and essential for welfare assessment in captive Patagonian huemuls. This protocol is mainly intended to identify welfare problems in endangered species in the context of conservation centers (reproduction, rescue, rehabilitation, or treatment centers). Thus, the aggregation of different measures to obtain a global score was not proposed. However, a scoring system that assigns a value on a 0-2 scale (0 = no welfare concern; 1 = welfare concern; 2 = urgent welfare concern) was proposed for each category. Although further research is still needed to fully validate the protocol, this is the first development of a protocol to assess Patagonian huemul welfare, and it can be used as a basis for the development of welfare-assessment protocols for other deer species in captivity.</subfield>
   </datafield>
   <datafield ind1="8" ind2=" " tag="024">
      <subfield code="a">http://hdl.handle.net/2072/469850</subfield>
   </datafield>
   <datafield tag="653" ind2=" " ind1=" ">
      <subfield code="a">Behavior</subfield>
   </datafield>
   <datafield tag="653" ind2=" " ind1=" ">
      <subfield code="a">Captivity</subfield>
   </datafield>
   <datafield tag="653" ind2=" " ind1=" ">
      <subfield code="a">Hippocamelus bisulcus</subfield>
   </datafield>
   <datafield tag="653" ind2=" " ind1=" ">
      <subfield code="a">Huemul</subfield>
   </datafield>
   <datafield tag="653" ind2=" " ind1=" ">
      <subfield code="a">Animal-based measures</subfield>
   </datafield>
   <datafield tag="653" ind2=" " ind1=" ">
      <subfield code="a">Welfare assessment</subfield>
   </datafield>
   <datafield ind2="0" ind1="0" tag="245">
      <subfield code="a">A Protocol to Assess the Welfare of Patagonian Huemul (Hippocamelus bisulcus) in Conservation Centers</subfield>
   </datafield>
</record></metadata></record></GetRecord></OAI-PMH>